Journal of creating value (Record no. 94202)

MARC details
000 -LEADER
fixed length control field 00459nam a22001577a 4500
005 - DATE AND TIME OF LATEST TRANSACTION
control field 20150610160455.0
008 - FIXED-LENGTH DATA ELEMENTS--GENERAL INFORMATION
fixed length control field 150610b xxu||||| |||| 00| 0 eng d
022 ## - INTERNATIONAL STANDARD SERIAL NUMBER
International Standard Serial Number 2394-9643
037 ## - SOURCE OF ACQUISITION
Source of stock number/acquisition DPL /Pub
245 ## - TITLE STATEMENT
Title Journal of creating value
260 ## - PUBLICATION, DISTRIBUTION, ETC. (IMPRINT)
Place of publication, distribution, etc New Delhi
Name of publisher, distributor, etc Sage Publication
Date of publication, distribution, etc 2015
300 ## - PHYSICAL DESCRIPTION
Extent v.
Dimensions 24 cm
310 ## - CURRENT PUBLICATION FREQUENCY
Current publication frequency Bi-annually
270 ## - ADDRESS
City New Delhi
Postal code 110044
Address B1/1-1, Mohan Cooperative Industrial Area, Mathura Road,
942 ## - ADDED ENTRY ELEMENTS (KOHA)
Source of classification or shelving scheme Dewey Decimal Classification
Item type Periodicals
Serial record 1
Call number suffix JOU
Holdings
Withdrawn status Lost status Source of classification or shelving scheme Damaged status Not for loan Collection code Home library Current library Date acquired Total Checkouts Full call number Date last seen Price effective from Koha item type
    Dewey Decimal Classification   Not For Loan Non-fiction D.B.Act.Division D.B.Act.Division 10/06/2015   JOU 10/06/2015 10/06/2015 Periodicals

© Delhi Public Library
Hit Counter
free hit counter